000 00190nam a2200073Ia 4500
008 170524s9999 xx 000 0 und d
100 _aPAREEK- UDAI
245 0 _aTRAINING INSTRUMENTS IN HRD & OD
260 _bTATA MCGRAW HILL
999 _c8121
_d8121